[Event "IECG TG.2005.0.15380"]
[Site "IECG email"]
[Date "2005.04.03"]
[Round "2"]
[White "Costa, Jose Maria"]
[Black "Shelton, Tom"]
[Result "1-0"]
[WhiteElo "1400"]
[BlackElo "1500"]
[PlyCount "37"]
[EventDate "2005.04.03"]
[EventType "match (corr)"]
[EventRounds "2"]
[SourceTitle "Corr 2008"]
[Source "ChessBase"]
[SourceDate "2008.06.24"]
[SourceVersion "1"]
[SourceVersionDate "2008.06.24"]
[SourceQuality "1"]

1. d4 d5 2. c4 c6 3. Nf3 Nf6 4. Nc3 e6 5. Bg5 Nbd7 6. e3 Be7 7. Bd3 0-0 8. 0-0 dxc4 9. Bxc4 b5 10. Bd3 Nb6 11. Qc2 Nbd5 12. Nxd5 cxd5 13. Bxf6 Bxf6 14. Bxh7+ Kh8 15. Bd3 g6 16. Bxb5 Qd6 17. Rfc1 a6 18. Bd3 Rg8 19. Qc7 1-0